000 00218 a2200097 4500
001 46312
100 _aMotamar,
245 _aWorld Muslim Gazetteer
260 _aKarachi
_bUmma Publish House
_c
090 _c29430
_d29430
942 _aNUST-CAE
_cM
_c21592
999 _c281385
_d281385